[Event "Olympiad-42"]
[Site "Baku"]
[Date "2016.09.10"]
[Round "8.1"]
[White "Jobava, Baadur"]
[Black "Ponomariov, Ruslan"]
[Result "1-0"]
[WhiteElo "2665"]
[BlackElo "2709"]
[Annotator "Ftacnik,L"]
[PlyCount "41"]
[EventDate "2016.09.02"]
[EventType "team-swiss"]
[EventRounds "11"]
[EventCountry "AZE"]
[SourceTitle "CBM 175"]
[Source "ChessBase"]
[SourceDate "2016.11.10"]
[SourceVersion "1"]
[SourceVersionDate "2016.11.10"]
[SourceQuality "1"]
[WhiteTeam "Georgia"]
[BlackTeam "Ukraine"]
[WhiteTeamCountry "GEO"]
[BlackTeamCountry "UKR"]

1. d4 Nf6 2. Nc3 {Jobava has no problems with playing off-beat openings as he
feels like a fish in the water in unusual positions.} d5 3. Bf4 c5 4. e3 cxd4
5. exd4 a6 {Ponomariov is solving two problems with one modest pawn move.
White will not be able to use the b5-square for his pieces and the second
player is preparing counterplay on the queenside.} (5... e6 6. Nb5 Na6 7. c3
Be7 8. Nf3 O-O 9. Bd3 Bd7 (9... Ne4 10. O-O Bd7 11. a4 h6 12. Qe2 Ng5 13. Ne5
Bc6 14. Bc2 Bf6 15. Qd3 g6 16. Nxg6 fxg6 17. Qxg6+ Bg7 18. Be5 Qe7 19. Bd6 Qf7
20. Bxf8 Qxg6 21. Bxg6 $16 {1/2-1/2 (56) Meister,J (2491)-Andriasian,Z (2463)
playchess.com INT 2006}) 10. a4 Bxb5 11. axb5 Nc7 12. O-O Bd6 13. Ne5 Ne4 14.
f3 Nf6 15. Re1 Nh5 16. Bd2 Qh4 17. Qc2 f5 18. Be3 a6 19. bxa6 bxa6 20. Bf2 $16
{1-0 (61) Jobava,B (2669)-Kovalenko,I (2668) Almaty 2016}) 6. Bd3 (6. Be2 Nc6
7. Nf3 Bg4 8. Ne5 (8. O-O e6 9. Ne5 Bxe2 10. Nxe2 Nxe5 11. Bxe5 Nd7 12. Bg3 Be7
13. Re1 O-O 14. a4 b5 15. Nf4 b4 16. Qe2 Nf6 17. f3 Qb6 18. Bf2 Rfc8 $15 {
1/2-1/2 (37) Kovacevic,V (2471)-Kuljasevic,D (2555) Sibenik 2010}) 8... Bxe2 9.
Nxe2 g6 10. c3 Bg7 11. Ng3 Rc8 12. O-O O-O 13. Re1 e6 14. Nd3 Nd7 15. Qd2 Na5
16. Bg5 Qc7 17. Bh6 Nc4 18. Qc1 Rfe8 19. Re2 Bf6 $11 {1/2-1/2 (22) Stefanova,A
(2488)-Khotenashvili,B (2518) Lopota 2014}) (6. h3 Nc6 7. Nf3 Bf5 8. Be2 (8.
Bd3 Bxd3 9. Qxd3 e6 10. g4 Bd6 11. Be3 Rc8 12. g5 Nb4 13. Qd1 Ne4 14. Bd2 Qc7
15. a3 Nc6 16. Qe2 Nxd2 17. Qxd2 Bf4 18. Qd3 O-O $17 {0-1 (40) Khotenashvili,B
(2504)-Stefanova,A (2517) Beijing 2014}) 8... e6 9. O-O Bd6 10. Bxd6 Qxd6 11.
Re1 O-O 12. Bf1 Rfc8 13. a3 b5 14. Na2 b4 15. axb4 Nxb4 16. Nxb4 Qxb4 17. Re2
Qxb2 18. c4 Qb4 19. c5 Ne4 20. Re3 Qb2 21. Qe1 a5 22. Rea3 $14 {1-0 (44)
Milanovic,D (2469)-Wagner,D (2575) Berlin 2015}) (6. Nf3 Bg4 (6... Nc6 7. Ne5
e6 8. Nxc6 bxc6 9. Na4 Bd6 10. Bxd6 Qxd6 11. Bd3 O-O 12. O-O e5 13. dxe5 Qxe5
14. Qf3 Re8 15. Qg3 Qxg3 16. hxg3 Rb8 17. Rfe1 Kf8 18. b3 $14 {1/2-1/2 (41)
Rapport,R (2710)-Bu,X (2681) Tsaghkadzor 2015}) 7. Be2 (7. h3 Bxf3 8. Qxf3 e6
9. g4 Nc6 10. O-O-O Qa5 (10... Bb4 11. Ne2 Qa5 12. Kb1 Ne4 13. Nc1 Bd6 14. Nb3
Qc7 15. Be3 O-O 16. Rg1 b5 17. Bd3 f5 18. gxf5 exf5 19. Bh6 Rf7 20. Bxg7 Rxg7
21. Qxf5 Kh8 22. Rxg7 Qxg7 23. Qxd5 $16 {1-0 (44) Rapport,R (2704)-Sutovsky,E 
(2624) Tromsoe 2014}) 11. g5 Nd7 12. Kb1 Rc8 13. h4 Bb4 14. Ne2 Nb6 15. Nc1 Qa4
16. Nb3 Be7 17. c3 Na5 18. Bd3 Nxb3 19. Bc2 Nd2+ 20. Bxd2 Qb5 21. Bd3 $16 {
1-0 (43) Nabaty,T (2622)-Navara,D (2745) Pardubice 2016}) 7... e6 8. h3 Bxf3 9.
Bxf3 Nc6 10. Ne2 Bd6 11. Be3 O-O 12. O-O Ne7 13. g3 Nf5 14. Bc1 Rc8 15. c3 b5
16. Qd3 Qc7 17. Bg5 Qc4 18. Rfd1 Be7 19. Nf4 Nd7 20. Bxe7 Nxe7 $14 {1-0 (83)
Nakamura,H (2767)-Giri,A (2776) London 2014}) 6... Nc6 7. Nge2 {The knight on
e2 is definitely a modest piece, but a move to f3 would allow unpleasant pin
along the d1-h5 diagonal.} (7. Nf3 Bg4) 7... e6 {Black is not very eager to
find out what Jobava had up his sleeve after 7...Bg4, as he has played it
already three times against good opponents.} (7... Bg4 8. f3 Bh5 9. g4 Bg6 10.
h4 e6 11. h5 Bxd3 12. Qxd3 Rc8 (12... Bd6 13. O-O-O Qc7 14. Qe3 h6 15. Kb1
O-O-O 16. Bxd6 Qxd6 17. Nc1 Kb8 18. Nd3 Nd7 19. Ne2 Ka8 20. f4 $11 {0-1 (27)
Jobava,B (2669)-Nepomniachtchi,I (2719) Almaty 2016}) 13. O-O-O h6 14. Kb1 Be7
(14... b5 15. Nc1 Na5 16. b3 Nc6 17. Qe3 Nb4 18. Rd2 Be7 19. N3e2 Qb6 20. c3
Nc6 21. Nd3 b4 22. Rc2 Na7 23. Nxb4 Nb5 24. Rcc1 a5 25. Nd3 Na3+ 26. Ka1 a4 $11
{1/2-1/2 (58) Jobava,B (2669)-Mchedlishvili,M (2604) Izmir 2016}) 15. Bc1 Qa5
16. Qe3 b5 17. b3 Ba3 18. g5 hxg5 19. Qxg5 Bxc1 20. Qxc1 Rxh5 21. Rxh5 Nxh5 $17
{0-1 (39) Jobava,B (2669)-Grischuk,A (2747) Almaty 2016}) 8. Qd2 b5 (8... Be7
9. a3 Bd7 $15) 9. O-O (9. Bxb5 $2 axb5 10. Nxb5 Ne4 $19) 9... Be7 (9... Bd6 10.
Bxd6 Qxd6 11. Nd1 O-O 12. Ne3 $11) 10. a3 Bd7 {The bishops are (nearly) always
playing on two diagonals. The former world champion believes that putting the
light-squared one on d7 supports both the defence of the e6-square and also
the counterplay on the queen's flank.} 11. h3 O-O 12. Rfe1 (12. Nd1 Na5 13. Ne3
Nc4 $11) 12... Na5 13. Rad1 Qb6 (13... Nc4 $1 14. Qc1 Rc8 $15) 14. Ng3 Rfc8 $2
{Ponomariov does not seem to believe that White's attack can amount to
anything serious. His provocative move is inviting the storm that Black will
not be able to withstand.} (14... Rfe8 15. Qc1 Nc4 $11) 15. Nf5 $1 exf5 (15...
Bf8 16. Nh6+ $1 gxh6 17. Bxh6 Qd8 (17... Ne8 18. Bxf8 Kxf8 19. Qh6+ Ng7 20.
Nxd5 $18) (17... Bxh6 18. Qxh6 Qd8 19. Re3 $18) 18. Qg5+ Kh8 19. Bxf8 Qxf8 20.
Qxf6+ $16) 16. Rxe7 Be6 $6 {I would have loved the chance to praise the
consequent play as Black was hoping to trap the opponent's rook on e7.
Unfortunately the situation was calling for a smart approach and it seems that
the queen retreat would still keep the position close to equilibrium.} (16...
Qd8 $5 17. Re5 (17. Re2 Ne4 18. Bxe4 Nc4 $11) 17... Ne4 18. Bxe4 dxe4 19. Rc5
Nb7 $13) 17. Bh6 $3 {[%mdl 128] Jobava was supposed to attack the opponent on
the dark squares, as Black has only the queen and the g7-pawn keeping guard on
them. The bolt from the blue was shocking for Black and he collapses without a
fight.} gxh6 {The only chance to show some resistance was to defend the g7
spot with the knight thus preempting combinations with Bxg7.} (17... Nh5 $1 18.
Qg5 Nc6 19. Rxe6 fxe6 20. Be2 Qa7 21. Bxh5 Kh8 22. Qe3 gxh6 23. Qxe6 Qg7 24.
Qxd5 $16) (17... Ne8 18. Qg5 (18. Rxe8+ Rxe8 19. Qg5 Qxd4 20. Bxb5 Qe5 21. f4
Qf6 22. Qxf6 gxf6 23. Bxe8 Rxe8 24. Rd3 $18) 18... Qxd4 (18... Kf8 19. Rxe8+
Kxe8 20. Bxg7 Kd7 21. Re1 $18) 19. Bxf5 $1 (19. Bxb5 Qf6 20. Rxe8+ Rxe8 21.
Qxf6 gxf6 22. Bxe8 $18) 19... Qf6 20. Bxe6 fxe6 21. Rxg7+ Qxg7 22. Bxg7 Nxg7
23. Ne4 $18) (17... g6 18. Qg5 Bd7) (17... Nc6 18. Bxg7 $1 (18. Qg5 Nh5 $1)
18... Qxd4 (18... Nxe7 19. Bxf6 Kf8 (19... Qd8 20. Nxd5 Bxd5 21. Qg5+ Kf8 22.
Bxf5 $18) 20. Qh6+ Ke8 21. Bxe7 Rxc3 22. Qf8+ Kd7 23. Qxa8 Rc8 24. Bc5 $18) (
18... Kxg7 19. Qg5+ Kf8 20. Rxe6 fxe6 21. Qxf6+ Kg8 22. Qxe6+ Kh8 23. Qf6+ Kg8
24. Bxf5 $18) 19. Rxe6 fxe6 20. Qh6 Ng4 21. Qxe6+ Kxg7 22. hxg4 $16) (17... Kf8
18. Bxg7+ Kxe7 19. Bxf6+ Kd7 (19... Kxf6 20. Qh6+ Ke7 21. Nxd5+ $18) 20. Re1
$16) (17... Qd8 18. Bxg7 Kxg7 (18... Nh5 19. Bf6 f4 20. Rxe6 Nxf6 21. Re5 $18)
19. Qg5+ Kf8 20. Qxf6 Nc6 21. Rxe6 $18) 18. Qxh6 Rxc3 (18... Bd7 19. Qg5+ Kf8
20. Rde1 Qxd4 (20... Re8 21. Qh6+ Kg8 22. R1e3 f4 23. Nxd5 $18) 21. Qh6+ Kg8
22. Nxb5 axb5 23. c3 Ng4 (23... Qxd3 24. Qg5+ Kf8 25. Qxf6 $18) 24. hxg4 Qg7
25. Qxg7+ Kxg7 26. Rxd7 $16) (18... Ne8 19. Bxf5 Bxf5 20. Qxb6 $18) 19. Qg5+ $1
{This sublte check might have escaped Ponomariov's attention; the black king
will be on the very vulnerable f8-square.} Kf8 20. Qxf6 Rxd3 {Sheer
desperation as the double threat of Bf5 or Re1 and Rxf7 was impossible to meet
with normal meassures.} (20... Rcc8 21. Bxf5 (21. Rxf7+ Bxf7 22. Qxb6 $18)
21... Re8 22. Bxe6 $18) (20... Rc6 21. Bxf5 (21. Re1 $18) 21... Qd8 22. Bxe6
$18) (20... Rc7 21. Bxf5 (21. Re1 $18) 21... Re8 22. Re1 $18) (20... Ra7 21.
Bxf5 (21. Re1 $18) 21... Rc6 22. Bxe6 $18) (20... Nc6 21. Rxe6 Qxd4 22. bxc3
$18) 21. cxd3 {A devastating defeat as Black did not kept an approximate
balance in the control of light and dark squares at all.} (21. Rxd3 Nc4 22. b3
$18) (21. cxd3 $1 Qc6 22. Re1 Re8 23. R1xe6 $18) 1-0

[Event "Amir Timur 680 rapid"]
[Site "Tashkent"]
[Date "2016.10.18"]
[Round "1"]
[White "Ponomariov, Ruslan"]
[Black "Kasimdzhanov, Rustam"]
[Result "1/2-1/2"]
[WhiteElo "2709"]
[BlackElo "2691"]
[PlyCount "122"]
[EventDate "2016.10.18"]
[EventType "tourn (rapid)"]
[EventRounds "12"]
[EventCountry "UZB"]
[EventCategory "20"]
[SourceTitle "EXT 2017"]
[Source "ChessBase"]
[SourceDate "2016.10.25"]
[SourceVersion "1"]
[SourceVersionDate "2016.10.25"]
[SourceQuality "1"]

1. e4 c5 2. Nf3 d6 3. d4 cxd4 4. Qxd4 a6 5. c4 Nc6 6. Qe3 g6 7. Be2 Bg7 8. O-O
Nf6 9. h3 O-O 10. Nc3 Be6 11. Bd2 Nd7 12. Rfd1 Nde5 13. b3 Nxf3+ 14. Bxf3 Nd4
15. Rac1 b5 16. Nd5 Rc8 17. cxb5 axb5 18. Rxc8 Bxc8 19. Bc3 e5 20. Bxd4 exd4
21. Qd3 Qa5 22. b4 Qxa2 23. Qxb5 Be6 24. Qd3 Bxd5 25. exd5 Rc8 26. b5 Rc3 27.
Qe2 Qb3 28. Qe8+ Bf8 29. Rxd4 Rc1+ 30. Kh2 Qb2 31. Ra4 Qxf2 32. Ra8 Qg1+ 33.
Kg3 Qe1+ 34. Qxe1 Rxe1 35. b6 Rb1 36. Rb8 Kg7 37. b7 Be7 38. Be2 Rb6 39. Ba6
Rxa6 40. Ra8 Rb6 41. b8=Q Rxb8 42. Rxb8 Bf6 43. Kf3 h5 44. Ke4 Be5 45. Rb7 h4
46. Rd7 Bg3 47. Re7 Kf6 48. Re8 Kg5 49. Rf8 f5+ 50. Kf3 Be5 51. Re8 Kf6 52. Rh8
Bg3 53. Re8 Be5 54. Ke3 Kf7 55. Re6 g5 56. Kd3 g4 57. Kc4 Bg3 58. Kd3 Be5 59.
Ke3 Kg7 60. Ke2 Kf7 61. Kd3 Kg7 1/2-1/2

[Event "Amir Timur 680 rapid"]
[Site "Tashkent"]
[Date "2016.10.18"]
[Round "2"]
[White "Gelfand, Boris"]
[Black "Ponomariov, Ruslan"]
[Result "1/2-1/2"]
[WhiteElo "2743"]
[BlackElo "2709"]
[PlyCount "132"]
[EventDate "2016.10.18"]
[EventType "tourn (rapid)"]
[EventRounds "12"]
[EventCountry "UZB"]
[EventCategory "20"]
[SourceTitle "EXT 2017"]
[Source "ChessBase"]
[SourceDate "2016.10.25"]
[SourceVersion "1"]
[SourceVersionDate "2016.10.25"]
[SourceQuality "1"]

1. d4 Nf6 2. c4 e6 3. Nc3 Bb4 4. Nf3 d5 5. Bg5 Nbd7 6. cxd5 exd5 7. Qc2 c5 8.
g3 h6 9. Bf4 O-O 10. Bg2 cxd4 11. Nxd4 Qb6 12. Rd1 Bxc3+ 13. Qxc3 Ne4 14. Qa3
Ndf6 15. O-O Re8 16. f3 Ng5 17. Be3 a5 18. h4 Ne6 19. Nf5 Qb4 20. Bf2 Bd7 21.
Rfe1 Bc6 22. Qc3 h5 23. Qc1 g6 24. a3 Qf8 25. Nd4 Rac8 26. Qd2 a4 27. Rc1 Qd6
28. Rc3 Bd7 29. Nxe6 fxe6 30. Rxc8 Rxc8 31. Qg5 Kf7 32. Bd4 Nh7 33. Qh6 Nf6 34.
f4 Qf8 35. Qg5 Qe7 36. Bf3 Ng4 37. Bxg4 Qxg5 38. Bxe6+ Bxe6 39. fxg5 Bf5 40.
Kf2 Ke6 41. Bc3 Rc4 42. Rd1 Kd6 43. Rd2 Kc5 44. e3 Kd6 45. Ke1 Ke6 46. Rf2 Rg4
47. Rf3 Rc4 48. Kd2 b5 49. Rf2 Rg4 50. Rg2 Rc4 51. Rg1 Be4 52. g4 hxg4 53. Rxg4
Bf5 54. Rf4 Rxf4 55. exf4 Bg4 56. Ke3 Kf5 57. Bd2 d4+ 58. Kxd4 Be2 59. Kd5 Bd3
60. Kd4 Bc4 61. Ke3 Bb3 62. Ba5 Kg4 63. Bd8 Kxh4 64. f5 gxf5 65. Kf4 Kh5 66.
Kxf5 Bc2+ 1/2-1/2

[Event "Amir Timur 680 rapid"]
[Site "Tashkent"]
[Date "2016.10.19"]
[Round "4"]
[White "Kasimdzhanov, Rustam"]
[Black "Ponomariov, Ruslan"]
[Result "1/2-1/2"]
[WhiteElo "2691"]
[BlackElo "2709"]
[PlyCount "53"]
[EventDate "2016.10.18"]
[EventType "tourn (rapid)"]
[EventRounds "12"]
[EventCountry "UZB"]
[EventCategory "20"]
[SourceTitle "EXT 2017"]
[Source "ChessBase"]
[SourceDate "2016.10.25"]
[SourceVersion "1"]
[SourceVersionDate "2016.10.25"]
[SourceQuality "1"]

1. e4 e6 2. d4 d5 3. Nd2 Nf6 4. e5 Nfd7 5. Bd3 c5 6. c3 Nc6 7. Ngf3 cxd4 8.
cxd4 f6 9. O-O fxe5 10. Nxe5 Ndxe5 11. dxe5 Nxe5 12. Qh5+ Nf7 13. Re1 Bd6 14.
Bxh7 g6 15. Qxg6 Qh4 16. Bg8 Qxh2+ 17. Kf1 Qh1+ 18. Ke2 Qh5+ 19. Qxh5 Rxh5 20.
Nf3 Bd7 21. Kd1 Ke7 22. Bxf7 Kxf7 23. g4 Rhh8 24. Ne5+ Bxe5 25. Rxe5 Rh1+ 26.
Re1 Rah8 27. Bd2 1/2-1/2

[Event "Amir Timur 680 rapid"]
[Site "Tashkent"]
[Date "2016.10.20"]
[Round "7"]
[White "Ponomariov, Ruslan"]
[Black "Kasimdzhanov, Rustam"]
[Result "1/2-1/2"]
[WhiteElo "2709"]
[BlackElo "2691"]
[PlyCount "80"]
[EventDate "2016.10.18"]
[EventType "tourn (rapid)"]
[EventRounds "12"]
[EventCountry "UZB"]
[EventCategory "20"]
[SourceTitle "EXT 2017"]
[Source "ChessBase"]
[SourceDate "2016.10.25"]
[SourceVersion "1"]
[SourceVersionDate "2016.10.25"]
[SourceQuality "1"]

1. d4 d5 2. c4 dxc4 3. e3 Nf6 4. Bxc4 e6 5. Nf3 c5 6. O-O a6 7. dxc5 Bxc5 8.
Qxd8+ Kxd8 9. Ne5 Ke7 10. Be2 Nbd7 11. Nc4 b6 12. Nbd2 a5 13. Nb3 Ba6 14. Nxc5
bxc5 15. f3 Rhb8 16. Rf2 a4 17. Bf1 Rb7 18. e4 Bxc4 19. Bxc4 Ne5 20. Bf1 Rab8
21. Rc2 Nfd7 22. Rb1 Nc6 23. Rc4 Rb4 24. Rxb4 Nxb4 25. a3 Nc2 26. Bd3 Nd4 27.
Bf4 Rb7 28. Kf2 f6 29. Bd2 Ne5 30. Bf1 Nc2 31. f4 Nxa3 32. Rd1 Rxb2 33. fxe5
Nb1 34. Ke1 a3 35. Bc4 a2 36. Bxa2 Na3 37. Rc1 Rxa2 38. exf6+ gxf6 39. Rxc5
Nc2+ 40. Kf1 Nd4 1/2-1/2

[Event "Amir Timur 680 rapid"]
[Site "Tashkent"]
[Date "2016.10.20"]
[Round "8"]
[White "Gelfand, Boris"]
[Black "Ponomariov, Ruslan"]
[Result "1/2-1/2"]
[WhiteElo "2743"]
[BlackElo "2709"]
[PlyCount "55"]
[EventDate "2016.10.18"]
[EventType "tourn (rapid)"]
[EventRounds "12"]
[EventCountry "UZB"]
[EventCategory "20"]
[SourceTitle "EXT 2017"]
[Source "ChessBase"]
[SourceDate "2016.10.25"]
[SourceVersion "1"]
[SourceVersionDate "2016.10.25"]
[SourceQuality "1"]

1. d4 Nf6 2. c4 e6 3. Nc3 Bb4 4. Nf3 c5 5. g3 Nc6 6. Bg2 Ne4 7. Bd2 Nxd2 8.
Qxd2 cxd4 9. Nxd4 O-O 10. O-O Ne5 11. b3 a6 12. Rfd1 Qa5 13. Rac1 Rb8 14. a3
Qxa3 15. Ra1 Bxc3 16. Qxc3 Qe7 17. Nb5 f6 18. Nd6 b6 19. b4 Nf7 20. c5 bxc5 21.
bxc5 f5 22. Qa5 Qd8 23. Qxd8 Rxd8 24. Rab1 Rxb1 25. Rxb1 a5 26. Ra1 Ba6 27.
Nxf7 Kxf7 28. Bf3 1/2-1/2

[Event "Amir Timur 680 rapid"]
[Site "Tashkent"]
[Date "2016.10.21"]
[Round "10"]
[White "Kasimdzhanov, Rustam"]
[Black "Ponomariov, Ruslan"]
[Result "1/2-1/2"]
[WhiteElo "2691"]
[BlackElo "2709"]
[PlyCount "39"]
[EventDate "2016.10.18"]
[EventType "tourn (rapid)"]
[EventRounds "12"]
[EventCountry "UZB"]
[EventCategory "20"]
[SourceTitle "EXT 2017"]
[Source "ChessBase"]
[SourceDate "2016.10.25"]
[SourceVersion "1"]
[SourceVersionDate "2016.10.25"]
[SourceQuality "1"]

1. e4 c5 2. Nf3 e6 3. d4 cxd4 4. Nxd4 Nc6 5. Nc3 d6 6. Nxc6 bxc6 7. Bd3 Nf6 8.
O-O Be7 9. b3 O-O 10. Bb2 e5 11. Na4 Be6 12. Qe2 Nd7 13. Rad1 Qc7 14. c4 Nc5
15. Nxc5 dxc5 16. Bc2 Rfd8 17. Rxd8+ Rxd8 18. Rd1 f6 19. Bc3 g6 20. Rxd8+
1/2-1/2

[Event "Amir Timur 680 rapid"]
[Site "Tashkent"]
[Date "2016.10.21"]
[Round "11"]
[White "Ponomariov, Ruslan"]
[Black "Gelfand, Boris"]
[Result "1-0"]
[WhiteElo "2709"]
[BlackElo "2743"]
[PlyCount "71"]
[EventDate "2016.10.18"]
[EventType "tourn (rapid)"]
[EventRounds "12"]
[EventCountry "UZB"]
[EventCategory "20"]
[SourceTitle "EXT 2017"]
[Source "ChessBase"]
[SourceDate "2016.10.25"]
[SourceVersion "1"]
[SourceVersionDate "2016.10.25"]
[SourceQuality "1"]

1. e4 c5 2. Nf3 Nc6 3. Nc3 g6 4. d4 cxd4 5. Nxd4 Bg7 6. Be3 Nf6 7. Bc4 O-O 8.
Bb3 d5 9. exd5 Na5 10. Qf3 Nxb3 11. axb3 Bg4 12. Qg3 Bh5 13. d6 Ng4 14. O-O-O
Qa5 15. dxe7 Rfe8 16. Qd6 Be5 17. Qd5 Qc7 18. Rd3 Rxe7 19. h3 Nxe3 20. fxe3 g5
21. Nf5 Re6 22. Ne4 Bg6 23. g4 Rae8 24. Nxg5 Rc6 25. c3 Bxc3 26. bxc3 Rxc3+ 27.
Rxc3 Qxc3+ 28. Kb1 Qxe3 29. Nf3 Rc8 30. Ne5 Qe2 31. Rd1 Qc2+ 32. Ka1 Rf8 33.
Qd4 Qxb3 34. Ne7+ Kg7 35. N5xg6+ f6 36. Nxf8 1-0

[Event "EU-ch rapid"]
[Site "Tallinn"]
[Date "2016.12.15"]
[Round "1"]
[White "Ponomariov, Ruslan"]
[Black "Narva, Regina R"]
[Result "1-0"]
[WhiteElo "2709"]
[BlackElo "2000"]
[PlyCount "69"]
[EventDate "2016.12.15"]
[EventType "swiss (rapid)"]
[EventRounds "11"]
[EventCountry "EST"]
[SourceTitle "CBM 176 Extra"]
[Source "ChessBase"]
[SourceDate "2017.03.02"]
[SourceVersion "1"]
[SourceVersionDate "2017.03.02"]
[SourceQuality "1"]

1. e4 c5 2. Nf3 d6 3. d4 cxd4 4. Nxd4 Nf6 5. Nc3 g6 6. Be3 Bg7 7. f3 Nc6 8. Qd2
O-O 9. O-O-O d5 10. Qe1 e5 11. Nxc6 bxc6 12. exd5 Nxd5 13. Bc4 Be6 14. Kb1 Rb8
15. Ne4 Qc7 16. Bc5 Rfd8 17. g4 h6 18. h4 Rd7 19. g5 h5 20. Bb3 Rbd8 21. Rd3
Nf4 22. Rxd7 Rxd7 23. Be3 Bxb3 24. axb3 Ng2 25. Qf2 Nxe3 26. Qxe3 Qb6 27. Qe2
Qb5 28. Qxb5 cxb5 29. c4 bxc4 30. bxc4 Rc7 31. c5 Bf8 32. Rd1 Bxc5 33. Rd8+ Bf8
34. Nf6+ Kg7 35. Ne8+ 1-0

[Event "EU-ch rapid"]
[Site "Tallinn"]
[Date "2016.12.15"]
[Round "2"]
[White "Remmel, Anto"]
[Black "Ponomariov, Ruslan"]
[Result "0-1"]
[WhiteElo "2243"]
[BlackElo "2709"]
[PlyCount "100"]
[EventDate "2016.12.15"]
[EventType "swiss (rapid)"]
[EventRounds "11"]
[EventCountry "EST"]
[SourceTitle "CBM 176 Extra"]
[Source "ChessBase"]
[SourceDate "2017.03.02"]
[SourceVersion "1"]
[SourceVersionDate "2017.03.02"]
[SourceQuality "1"]

1. e4 c5 2. c3 e6 3. d4 d5 4. exd5 exd5 5. Nf3 Nc6 6. Be3 cxd4 7. Nxd4 Nf6 8.
Be2 Bd6 9. Nd2 O-O 10. O-O h6 11. h3 Re8 12. N2f3 Bd7 13. Re1 Rxe3 14. fxe3 Bg3
15. Bd3 Bxe1 16. Qxe1 Qe7 17. Qe2 Re8 18. Re1 Qd6 19. Rd1 g6 20. Bb1 Kg7 21.
Re1 Na5 22. Bd3 b6 23. Nb5 Qb8 24. Nbd4 Nb7 25. Bb5 Bxb5 26. Qxb5 Nd6 27. Qd3
Nc4 28. b3 Nd6 29. Nb5 Nde4 30. Qd4 a6 31. Na3 Qc7 32. Nb1 Nd6 33. Qd3 b5 34.
Nd4 Nde4 35. Rf1 h5 36. Nf3 Ng3 37. Re1 Nf5 38. Nd4 Nxd4 39. Qxd4 Qg3 40. Re2
Re4 41. Qd3 Rh4 42. Kf1 Ng4 43. Qd4+ Kg8 44. Qxd5 Nh2+ 45. Kg1 Rxh3 46. Qd8+
Kh7 47. Qf6 Nf3+ 48. Qxf3 Qh2+ 49. Kf2 Rxf3+ 50. Kxf3 f5 0-1

[Event "EU-ch rapid"]
[Site "Tallinn"]
[Date "2016.12.15"]
[Round "3"]
[White "Ponomariov, Ruslan"]
[Black "Shytaj, Luca"]
[Result "1-0"]
[WhiteElo "2709"]
[BlackElo "2435"]
[PlyCount "63"]
[EventDate "2016.12.15"]
[EventType "swiss (rapid)"]
[EventRounds "11"]
[EventCountry "EST"]
[SourceTitle "CBM 176 Extra"]
[Source "ChessBase"]
[SourceDate "2017.03.02"]
[SourceVersion "1"]
[SourceVersionDate "2017.03.02"]
[SourceQuality "1"]

1. e4 c5 2. Nf3 d6 3. d4 Nf6 4. Nc3 cxd4 5. Nxd4 Bd7 6. Bg5 e6 7. Ndb5 Bc6 8.
Bxf6 gxf6 9. Qh5 Nd7 10. O-O-O Nc5 11. Nd4 Qd7 12. Bc4 O-O-O 13. Rhe1 Rg8 14.
g3 Rg5 15. Qh3 Kb8 16. f4 Rg6 17. f5 Rh6 18. Qg2 exf5 19. Nxc6+ bxc6 20. exf5
d5 21. Nxd5 cxd5 22. Rxd5 Bd6 23. Red1 Qc7 24. Qd2 Ne4 25. Qd4 Re8 26. Bd3 Bc5
27. Qa4 Nd6 28. Rxd6 Qxd6 29. Qxe8+ Kc7 30. Qxf7+ Kb6 31. Qb3+ Kc7 32. Be4 1-0

[Event "EU-ch rapid"]
[Site "Tallinn"]
[Date "2016.12.15"]
[Round "5"]
[White "Ponomariov, Ruslan"]
[Black "Novikov, Stanislav"]
[Result "1-0"]
[WhiteElo "2709"]
[BlackElo "2513"]
[PlyCount "105"]
[EventDate "2016.12.15"]
[EventType "swiss (rapid)"]
[EventRounds "11"]
[EventCountry "EST"]
[SourceTitle "CBM 176 Extra"]
[Source "ChessBase"]
[SourceDate "2017.03.02"]
[SourceVersion "1"]
[SourceVersionDate "2017.03.02"]
[SourceQuality "1"]

1. e4 c5 2. Nf3 e6 3. d4 cxd4 4. Nxd4 Qb6 5. Nb3 Qc7 6. Bd3 Nf6 7. Be3 d6 8. f4
Nbd7 9. N1d2 b6 10. g4 h6 11. Qe2 Bb7 12. O-O-O Be7 13. h4 h5 14. g5 Ng4 15.
Bg1 d5 16. e5 g6 17. Kb1 Nc5 18. Nd4 O-O 19. Rh3 Nxd3 20. Qxd3 Qd7 21. Qb5 Rfd8
22. Qxd7 Rxd7 23. a3 Rc8 24. N2b3 Ba6 25. Nc1 Rdc7 26. Rd2 Bc4 27. b3 Ba6 28.
Kb2 Kf8 29. Na2 Rd7 30. Rc3 Rxc3 31. Nxc3 Ke8 32. Rd1 Bc5 33. b4 Bxd4 34. Rxd4
Rc7 35. b5 Bc8 36. a4 Bd7 37. Kb3 Kd8 38. Nb1 Kc8 39. Na3 Kb7 40. c4 a6 41.
bxa6+ Kxa6 42. Kb4 Bc6 43. Nb5 Rd7 44. cxd5 Bxd5 45. Rd2 Kb7 46. Nd6+ Ka6 47.
Rc2 Bb7 48. Ka3 Bd5 49. Rb2 Rc7 50. Rxb6+ Ka5 51. Rb5+ Ka6 52. Kb4 Rc6 53. Ra5#
1-0

[Event "EU-ch rapid"]
[Site "Tallinn"]
[Date "2016.12.16"]
[Round "7"]
[White "Ponomariov, Ruslan"]
[Black "Anton Guijarro, David"]
[Result "0-1"]
[WhiteElo "2709"]
[BlackElo "2650"]
[PlyCount "69"]
[EventDate "2016.12.15"]
[EventType "swiss (rapid)"]
[EventRounds "11"]
[EventCountry "EST"]
[SourceTitle "CBM 176 Extra"]
[Source "ChessBase"]
[SourceDate "2017.03.02"]
[SourceVersion "1"]
[SourceVersionDate "2017.03.02"]
[SourceQuality "1"]

1. e4 e5 2. Nf3 Nc6 3. Bc4 Bc5 4. d3 Nf6 5. O-O d6 6. c3 O-O 7. Bb3 a6 8. Nbd2
Ba7 9. h3 Be6 10. Re1 Re8 11. Nf1 h6 12. Bc2 d5 13. exd5 Qxd5 14. Ng3 Rad8 15.
Bd2 Qd6 16. Qc1 Nd5 17. d4 exd4 18. Bxh6 Ne3 19. fxe3 d3 20. Ne4 Qd5 21. Bxd3
Qxd3 22. Nf2 Qg6 23. Bf4 Bb6 24. Kh2 Bd5 25. Re2 Bxf3 26. gxf3 Ne5 27. Qh1 Qh5
28. Bxe5 Rxe5 29. Ng4 Re6 30. Rd1 Rde8 31. e4 f5 32. Nf2 c6 33. Rd7 Rh6 34. Kg2
fxe4 35. Nxe4 0-1